00217nam a22000857a 4500020001800000100001900018245005200037260003100089300001100120 a9780590216944 aDavid A. Adler aCam Jansen and the Mystery at the Haunted House aNew YorkbScholasticc1992 a58 pgs